小学校の教科 - Statistics

General Stats
  • This quiz has been taken 1,796 times
  • The average score is 8 of 9
Answer Stats
Answer % Correct
国語
100%
算数
100%
社会
99%
理科
99%
体育
92%
図画工作
89%
音楽
80%
生活
79%
家庭
74%
No matching quizzes found
Score Distribution
Percent of People with Each Score
Percentile by Number Answered
Your Score History
You have not taken this quiz